<?xml version="1.0" encoding="UTF-8"?>
<record
    xmlns:xsi="http://www.w3.org/2001/XMLSchema-instance"
    xsi:schemaLocation="http://www.loc.gov/MARC21/slim http://www.loc.gov/standards/marcxml/schema/MARC21slim.xsd"
    xmlns="http://www.loc.gov/MARC21/slim">

  <leader>03000nam a2200349 i 4500</leader>
  <controlfield tag="001">000046551</controlfield>
  <controlfield tag="003">DO-SdBNP</controlfield>
  <controlfield tag="005">20250213091026.0</controlfield>
  <controlfield tag="007">ta</controlfield>
  <controlfield tag="008">150825s2015    dr ac         000 0 spa d</controlfield>
  <datafield tag="020" ind1=" " ind2=" ">
    <subfield code="a">9789945874938</subfield>
  </datafield>
  <datafield tag="040" ind1=" " ind2=" ">
    <subfield code="a">DO-SdBNP</subfield>
    <subfield code="b">spa</subfield>
    <subfield code="c">BNPHU</subfield>
    <subfield code="e">rda</subfield>
  </datafield>
  <datafield tag="041" ind1=" " ind2=" ">
    <subfield code="a">spa</subfield>
  </datafield>
  <datafield tag="082" ind1=" " ind2="4">
    <subfield code="a">972.93054</subfield>
    <subfield code="b">F745r</subfield>
    <subfield code="2">22</subfield>
  </datafield>
  <datafield tag="100" ind1="1" ind2=" ">
    <subfield code="a">Fortunato, Ren&#xE9;,</subfield>
    <subfield code="d">1958-</subfield>
    <subfield code="e">autor</subfield>
    <subfield code="4">aut.</subfield>
    <subfield code="9">55460</subfield>
  </datafield>
  <datafield tag="245" ind1="1" ind2="0">
    <subfield code="a">Una primavera para el mundo :</subfield>
    <subfield code="b">la revoluci&#xF3;n constitucionalista de 1965; &#xE1;lbum 50 aniversario /</subfield>
    <subfield code="c">Ren&#xE9; Fortunato ; pr&#xF3;logo, Hugo Tolentino Dipp.</subfield>
  </datafield>
  <datafield tag="264" ind1=" " ind2="1">
    <subfield code="a">Santo Domingo, Rep&#xFA;blica Dominicana :</subfield>
    <subfield code="b">Videocine Palau,</subfield>
    <subfield code="c">2015.</subfield>
  </datafield>
  <datafield tag="300" ind1=" " ind2=" ">
    <subfield code="a">429 p&#xE1;ginas :</subfield>
    <subfield code="b">ilustraciones, retratos ;</subfield>
    <subfield code="c">31 cm.</subfield>
  </datafield>
  <datafield tag="336" ind1=" " ind2=" ">
    <subfield code="a">texto</subfield>
    <subfield code="b">txt</subfield>
    <subfield code="2">rdacontent</subfield>
  </datafield>
  <datafield tag="337" ind1=" " ind2=" ">
    <subfield code="a">sin mediaci&#xF3;n</subfield>
    <subfield code="b">n</subfield>
    <subfield code="2">rdamedia</subfield>
  </datafield>
  <datafield tag="338" ind1=" " ind2=" ">
    <subfield code="a">volumen</subfield>
    <subfield code="b">nc</subfield>
    <subfield code="2">rdacarrier</subfield>
  </datafield>
  <datafield tag="490" ind1="0" ind2=" ">
    <subfield code="a">Colecci&#xF3;n Documentos de Historia Contempor&#xE1;nea </subfield>
    <subfield code="v">volumen 3</subfield>
  </datafield>
  <datafield tag="500" ind1=" " ind2=" ">
    <subfield code="a">Incluye &#xED;ndice onom&#xE1;stico</subfield>
  </datafield>
  <datafield tag="504" ind1=" " ind2=" ">
    <subfield code="a">Bibliograf&#xED;a : p. 415-417</subfield>
  </datafield>
  <datafield tag="505" ind1="0" ind2=" ">
    <subfield code="a">Introducci&#xF3;n --</subfield>
    <subfield code="t">Repercusi&#xF3;n internacional de la revoluci&#xF3;n constitucionalista. Pronunciamientos y declaraciones de las m&#xE1;s importantes personalidades del mundo sobre la revoluci&#xF3;n constitucionalista del 1965 --</subfield>
    <subfield code="t">Lyndon B. Johnson. Discurso del presidente de los Estados Unidos 28 de abril de 1965 y 2 de mayo de 1965 --</subfield>
    <subfield code="t">Charles de Gaulle, presidente de Francia --</subfield>
    <subfield code="t">Eduardo Frei Monsalva, presidente de Chile --</subfield>
    <subfield code="t">Ra&#xFA;l Leoni, presidente de la Rep&#xFA;blica de Venezuela --</subfield>
    <subfield code="t">Papa Pulo VI --</subfield>
    <subfield code="t">Salvador Allende, Senador de la Rep&#xFA;blica de Chile --</subfield>
    <subfield code="t">William Fulbright, Senador y presidente de la comisi&#xF3;n de relaciones exteriores del senado de Estados Unidos --</subfield>
    <subfield code="t">L&#xE1;zaro C&#xE1;rdenas, ex presidente de M&#xE9;xico (1934-1940) --</subfield>
    <subfield code="t">Arturo Frondizi, ex presidente de Argentina (1958-1962) --</subfield>
    <subfield code="t">Intelectuales franceses --</subfield>
    <subfield code="t">Intelectuales estadoudinenses --</subfield>
    <subfield code="t">Fidel Castro, primer ministro del gobierno revolucionario de Cuba. Discurso del 1 de mayo de 1965 --</subfield>
    <subfield code="t">La debilidad de la fuerza Juan Bosch --</subfield>
    <subfield code="t">Cronolog&#xED;a de acontecimientos Santo Domingo, Am&#xE9;rica Latina y el resto del mundo. 24 de abril al 3 septiembre de 1965 --</subfield>
    <subfield code="t">Discursos del Presidente de la Rep&#xFA;blica, Francisco Alberto Caama&#xF1;o De&#xF1;&#xF3;, y del Doctor An&#xED;bal Campagna 3 de septiembre de 1965 --</subfield>
    <subfield code="t">Acontecimientos de postguerra --</subfield>
    <subfield code="t">Regreso a Santo Domingo del ex presidente Juan Bosch --</subfield>
    <subfield code="t">Manifestaci&#xF3;n y disturbios en la avenida Duarte --</subfield>
    <subfield code="t">Ataque al Hotel Matum en Santiago --</subfield>
    <subfield code="t">Salida al exterior del coronel Caama&#xF1;o y otros altos oficiales constitucionalistas --</subfield>
    <subfield code="t">Declaraci&#xF3;n del Coronel Francisco Alberto Caama&#xF1;o De&#xF1;&#xF3; --</subfield>
    <subfield code="t">Militares constitucionalistas que viajaron junto a Caama&#xF1;o.</subfield>
  </datafield>
  <datafield tag="590" ind1=" " ind2=" ">
    <subfield code="a">Inventariado, 2019/MFF</subfield>
  </datafield>
  <datafield tag="651" ind1=" " ind2="4">
    <subfield code="a">Rep&#xFA;blica Dominicana</subfield>
    <subfield code="x">Historia</subfield>
    <subfield code="y">Revoluci&#xF3;n, 1965</subfield>
    <subfield code="9">2167</subfield>
  </datafield>
  <datafield tag="651" ind1=" " ind2="4">
    <subfield code="a">Rep&#xFA;blica Dominicana</subfield>
    <subfield code="x">Historia</subfield>
    <subfield code="y">Revoluci&#xF3;n ,1965</subfield>
    <subfield code="v">Fotograf&#xED;as </subfield>
    <subfield code="9">69379</subfield>
  </datafield>
  <datafield tag="700" ind1="1" ind2=" ">
    <subfield code="a">Tolentino Dipp, Hugo,</subfield>
    <subfield code="d">1930-2019</subfield>
    <subfield code="e">prologuista</subfield>
    <subfield code="4">pr.</subfield>
    <subfield code="9">12717</subfield>
  </datafield>
  <datafield tag="910" ind1=" " ind2=" ">
    <subfield code="a">VMateo / Validado. Control de calidad MFF</subfield>
  </datafield>
  <datafield tag="942" ind1=" " ind2=" ">
    <subfield code="2">ddc</subfield>
    <subfield code="c">LBS1</subfield>
  </datafield>
  <datafield tag="952" ind1=" " ind2=" ">
    <subfield code="0">0</subfield>
    <subfield code="1">0</subfield>
    <subfield code="2">ddc</subfield>
    <subfield code="5">6</subfield>
    <subfield code="7">0</subfield>
    <subfield code="8">DS</subfield>
    <subfield code="a">BNPHU</subfield>
    <subfield code="b">BNPHU</subfield>
    <subfield code="c">HD</subfield>
    <subfield code="d">2015-08-25</subfield>
    <subfield code="i"> </subfield>
    <subfield code="l">0</subfield>
    <subfield code="o">BNPHU DS 972.93054 F745r</subfield>
    <subfield code="p">46551-30</subfield>
    <subfield code="r">2020-06-25</subfield>
    <subfield code="t">e.3</subfield>
    <subfield code="w">2020-06-25</subfield>
    <subfield code="y">LBS1</subfield>
  </datafield>
  <datafield tag="952" ind1=" " ind2=" ">
    <subfield code="0">0</subfield>
    <subfield code="1">0</subfield>
    <subfield code="2">ddc</subfield>
    <subfield code="5">1</subfield>
    <subfield code="7">0</subfield>
    <subfield code="8">PD</subfield>
    <subfield code="a">BNPHU</subfield>
    <subfield code="b">BNPHU</subfield>
    <subfield code="c">HD</subfield>
    <subfield code="d">2015-08-25</subfield>
    <subfield code="i"> </subfield>
    <subfield code="l">0</subfield>
    <subfield code="o">BNPHU PD 972.93054 F745r</subfield>
    <subfield code="p">46551-10</subfield>
    <subfield code="r">2020-06-25</subfield>
    <subfield code="w">2020-06-25</subfield>
    <subfield code="y">LBS1</subfield>
  </datafield>
  <datafield tag="952" ind1=" " ind2=" ">
    <subfield code="0">0</subfield>
    <subfield code="1">0</subfield>
    <subfield code="2">ddc</subfield>
    <subfield code="5">1</subfield>
    <subfield code="7">0</subfield>
    <subfield code="8">PD</subfield>
    <subfield code="a">BNPHU</subfield>
    <subfield code="b">BNPHU</subfield>
    <subfield code="c">HD</subfield>
    <subfield code="d">2015-08-25</subfield>
    <subfield code="i"> </subfield>
    <subfield code="l">0</subfield>
    <subfield code="o">BNPHU PD 972.93054 F745r</subfield>
    <subfield code="p">46551-20</subfield>
    <subfield code="r">2020-06-25</subfield>
    <subfield code="t">e.2</subfield>
    <subfield code="w">2020-06-25</subfield>
    <subfield code="y">LBS1</subfield>
  </datafield>
  <datafield tag="952" ind1=" " ind2=" ">
    <subfield code="0">0</subfield>
    <subfield code="1">0</subfield>
    <subfield code="2">ddc</subfield>
    <subfield code="5">6</subfield>
    <subfield code="7">0</subfield>
    <subfield code="8">DS</subfield>
    <subfield code="a">BNPHU</subfield>
    <subfield code="b">BNPHU</subfield>
    <subfield code="c">HD</subfield>
    <subfield code="d">2023-09-26</subfield>
    <subfield code="l">0</subfield>
    <subfield code="o">BNPHU DS 972.93054 F745r</subfield>
    <subfield code="p">2023-6427</subfield>
    <subfield code="r">2023-09-26</subfield>
    <subfield code="t">e.4</subfield>
    <subfield code="w">2023-09-26</subfield>
    <subfield code="y">LBS1</subfield>
  </datafield>
  <datafield tag="952" ind1=" " ind2=" ">
    <subfield code="0">0</subfield>
    <subfield code="1">0</subfield>
    <subfield code="2">ddc</subfield>
    <subfield code="5">6</subfield>
    <subfield code="7">0</subfield>
    <subfield code="8">DS</subfield>
    <subfield code="a">BNPHU</subfield>
    <subfield code="b">BNPHU</subfield>
    <subfield code="c">HD</subfield>
    <subfield code="d">2025-02-11</subfield>
    <subfield code="e">Donado por la Presidencia de la Rep&#xFA;blica Dominicana 2023</subfield>
    <subfield code="l">0</subfield>
    <subfield code="o">BNPHU DS 972.93054 F745r</subfield>
    <subfield code="p">2025-0919</subfield>
    <subfield code="r">2025-02-11</subfield>
    <subfield code="t">e.5</subfield>
    <subfield code="w">2025-02-11</subfield>
    <subfield code="y">LBS1</subfield>
    <subfield code="z">Pertenecio a la biblioteca personal de Ren&#xE9; Rodr&#xED;guez Soriano</subfield>
  </datafield>
  <datafield tag="999" ind1=" " ind2=" ">
    <subfield code="c">46040</subfield>
    <subfield code="d">46040</subfield>
  </datafield>
</record>
